000
00323nam a22001337a 4500
008
230621b xxu||||| |||| 00| 0 eng d
020
_a
0671413953
082
_a
327.73
_b
POD 1980
100
_c
Norman Podhoretz
245
_a
The Present Danger
260
_a
USA
_b
Simon & Schuster
_c
1980
300
_a
109p
942
_2
ddc
_c
BK
999
_c
1997
_d
1997